| 000 | 00611nam a2200205 a 4500 | ||
|---|---|---|---|
| 001 | 000016316 | ||
| 005 | 20200929164352.0 | ||
| 008 | 100303s2006 dr 000 0 spa d | ||
| 020 | _a9993480452 | ||
| 040 | _aDO-SdBNP | ||
| 082 |
_axxx _bP371g |
||
| 100 | 1 |
_aPedrazuela, Ysabel _936416 |
|
| 245 | 1 | 0 |
_aGuía para la elaboración de proyectos de desarrollo / _cYsabel Pedrazuela. |
| 250 | _a3ra. ed. | ||
| 260 |
_aSanto Domingo : _bBúho, _c2006. |
||
| 300 |
_a67 p. ; _c23 cm. |
||
| 500 | _aIncluye notas al pie de las páginas | ||
| 504 | _aIncluye referencias bibliográficas ( p. 67) | ||
| 049 | _aBNPD | ||
| 999 |
_c15851 _d15851 |
||